000 00566nam a22002297a 4500
003 UA-OsUOA
001 66161
007 ta
008 20091221b un ||||| |||| 00| 0 ukr d
100 _aДосвітній О.
090 _a821.161.1
_bД70
942 _cBK
040 _aUA-OsUOA
_bukr
_cUA-OsUOA
_dUA-OsUOA
245 _aВибрані твори
300 _a438 с.
955 _a2
041 _aukr
080 _a821.161.1
260 _aК.
_c1959
650 7 _a82 Література. Літературознавство
_2UDC
999 _c351973
_d351973